000 00562nam a22002177a 4500
003 OSt
008 250224b |||||||| |||| 00| 0 eng d
020 _a9 780824 707934
041 _aeng
082 _a664.02
_bHUI/FO
100 _aHui, YH
_97244
245 _aFood Plant Sanitation
260 _aNew York:
_bMarcel Decker Inc.,
_c2003.
300 _a745p.
700 _aBruinsma, Bernard L
_97245
700 _aRIchard Gorham, J
_97246
700 _aNip, Wai-Kit
_97247
700 _aTong, Philip S
_97248
700 _aVentresca, Phil
_97249
942 _cBK
999 _c19449
_d19449